| 000 | 00365 a2200145 4500 | ||
|---|---|---|---|
| 999 |
_c12138 _d12138 |
||
| 003 | OSt | ||
| 005 | 20240110195204.0 | ||
| 008 | 240110b ||||| |||| 00| 0 eng d | ||
| 020 | _a979-1195826803 | ||
| 082 | _a720 | ||
| 100 | _aEditorial Department | ||
| 245 | _aCatch-Sketch Archi Catch Sketch Archie (Korean Edition) | ||
| 260 |
_bArchi-lab _c2018 |
||
| 942 | _2ddc | ||